Statistics for Los Angeles Suburbs

Click here to take the quiz!

General Stats

  • This quiz has been taken 52 times
  • The average score is 35 of 134

Answer Stats

County Letter City % Correct
ORAAnaheim
90%
LALLong Beach
85%
LAPPasadena
82%
LACCompton
74%
LASSanta Monica
72%
LABBurbank
69%
RSRRiverside
69%
LABBeverly Hills
69%
LAIInglewood
67%
OROOrange
67%
LAMMalibu
64%
LAGGlendale
64%
SBOOntario
62%
ORSSanta Ana
62%
ORHHuntington Beach
56%
ORIIrvine
54%
SBSSan Bernardino
54%
ORNNewport Beach
51%
LALLos Angeles
51%
LAWWest Covina
46%
ORGGarden Grove
46%
LAPPomona
44%
LACCovina
44%
LADDowney
44%
ORYYorba Linda
44%
SBRRancho Cucamonga
41%
LAAAlhambra
41%
SBFFontana
41%
LAMManhattan Beach
41%
LASSan Fernando
41%
ORFFullerton
38%
LATTorrance
38%
LAWWest Hollywood
38%
RSCCorona
36%
ORCCosta Mesa
36%
LACCarson
36%
LAHHawthorne
33%
LAEEl Monte
33%
LARRedondo Beach
33%
ORBBuena Park
33%
LAEEl Segundo
31%
RSMMoreno Valley
28%
LAAAzusa
28%
LAWWhittier
28%
ORSSeal Beach
28%
LABBrea
28%
LABBell
28%
LASSan Gabriel
28%
ORTTustin
28%
LAHHermosa Beach
26%
LALLa CaƱada Flintridge
26%
LAGGardena
26%
SBCChino
26%
LACCalabasas
26%
LACCerritos
23%
LANNorwalk
23%
LAAArcadia
23%
LASSan Dimas
23%
ORLLaguna Beach
23%
LARRancho Palos Verdes
23%
ORSSan Clemente
21%
LALLakewood
21%
LABBellflower
21%
SBCChino Hills
21%
ORLLake Forest
21%
ORSSan Juan Capistrano
21%
SBRRedlands
21%
ORLLa Habra
21%
ORMMission Viejo
21%
SBRRialto
21%
RSJJurupa Valley
21%
LACClaremont
21%
LACCommerce
18%
RSNNorco
18%
LAMMonterey Park
18%
LAMMontebello
18%
LAMMonrovia
18%
ORLLaguna Niguel
18%
LABBaldwin Park
18%
LAHHawaiian Gardens
18%
LATTemple City
15%
LAIIndustry
15%
LARRosemead
15%
LALLa Mirada
15%
SBUUpland
15%
LAPPalos Verdes Estates
15%
LASSouth Pasadena
15%
LALLawndale
13%
LAHHuntington Park
13%
LARRolling Hills
13%
ORLLaguna Hills
13%
LAPPico Rivera
13%
ORPPlacentia
13%
ORWWestminster
13%
LADDuarte
13%
LALLynwood
13%
LAVVernon
13%
LASSignal Hill
13%
LASSouth Gate
13%
LASSierra Madre
13%
LALLomita
10%
ORLLaguna Woods
10%
LADDiamond Bar
10%
LABBell Gardens
10%
ORCCypress
10%
LAWWalnut
10%
LAGGlendora
10%
SBCColton
10%
LASSan Marino
10%
LAAAgoura Hills
8%
LASSouth El Monte
8%
ORSStanton
8%
LALLa Puente
8%
LASSanta Fe Springs
8%
LAHHidden Hills
8%
ORAAliso Viejo
8%
LAAArtesia
8%
LAAAvalon
8%
ORDDana Point
8%
ORFFountain Valley
8%
SBYYucaipa
8%
LALLa Verne
8%
ORLLos Alamitos
8%
LAMMaywood
8%
LAPParamount
8%
SBLLoma Linda
5%
LACCudahy
5%
SBHHighland
3%
LAIIrwindale
3%
ORRRancho Santa Margarita
3%
RSEEastvale
3%
ORVVilla Park
3%
SBCCalimesa
3%
SBGGrand Terrace
0%

Score Distribution

Percentile by Number Answered

Percent of People with Each Score

Your Score History

You have not taken this quiz